000 00789nam a22002533i 4500
999 _c8042
_d8042
001 991061498059206706
003 OSt
005 20251118123240.0
006 m o d |
007 cr#cnu||||||||
008 250913s2025 xx o ||||0 spa d
020 _a9788411661695
040 _cCDMR
_bcat
100 1 _aAbrines, Marian.
245 1 0 _aLibro Blanco de la Comunicación Interna de DIRCI :
_bTodo lo Que Hay Que Saber Sobre la Disciplina y Sus Aplicaciones /
_cMarian Abrines, Laura Verazzi, and Jennifer Sproul
264 1 _aBarcelona :
_bEditorial UOC,
_c2025.
300 _a168 p.
490 1 _aManuales Series
650 0 _92798
_aComunicació en l'empresa
700 1 _aVerazzi, Laura.
700 1 _aSproul, Jennifer.
830 0 _aManuales Series
942 _cMON